000 00707nam a22001217a 4500
040 _cRUA
082 _aLMA SON 2024 B.701 Or.1
100 _aSON SAMATH, សុន សំអាត
245 _aStudy On Parcel Data Management By Using Parcel Fabric And Map Series In Char Chouk Commune, Angkor Chum District, Siem Reap Province,សិក្សាពីការគ្រប់គ្រងទិន្នន័យក្បាលដី ដោយប្រើParcel Fabric និង​Map Series ស្ថិតក្នុងឃុំចារឈូក ស្រុកអង្គរជុំ ខេត្តសៀមរាប
260 _aPHNOM PENH
_bRUA
_c2024
300 _axii,
_bill,
_c29cm,
942 _cLMA
999 _c25326
_d25326